Państwa położone najbliżej Chin, które z nimi nie graniczą - Statystyki

Ogólne statystyki
  • Ten quiz został rozwiązany 15 razy
  • Średni wynik to 15 z 20
Statystyki odpowiedzi
km Państwo % Poprawnych
263 Korea Południowa
100%
615 Turkmenistan
100%
1442 Malezja
93%
115 Tajlandia
93%
1676 Indonezja
86%
1127 Iran
86%
331 Japonia
86%
437 Kambodża
86%
1574 Brunei
79%
1958 Singapur
79%
4 Tajwan
79%
108 Uzbekistan
79%
94 Bangladesz
71%
650 Filipiny
71%
2102 Sri Lanka
71%
2278 Gruzja
64%
2305 Armenia
57%
1980 Azerbejdżan
50%
2073 Oman
43%
2124 Zjednoczone Emiraty Arabskie
29%
Nie znaleziono quizów pasujących do podanych kryteriów
Rozkład punktacji
Procent ludzi z każdym wynikiem
Percentyl według liczby udzielonych odpowiedzi
Twoja historia wyników
Nie rozwiązałeś tego quizu